| 000 | 00694pam a2200241 a 4500 | ||
|---|---|---|---|
| 999 |
_c9877 _d9877 |
||
| 001 | 4224587 | ||
| 003 | OSt | ||
| 005 | 20210205130206.0 | ||
| 008 | 821018s1982 ilu 000 0 eng | ||
| 010 | _a 82021203 | ||
| 020 | _a0877843961 (pbk.) | ||
| 040 |
_aDLC _cDLC _dDLC |
||
| 050 | 1 | 0 |
_aBS480 _bST888G |
| 082 | 0 | 0 |
_a220.1/3 _219 _bST888G |
| 100 | 1 | _aStott, John R. W. | |
| 245 | 1 | 0 |
_aGod's book for God's people / _cJohn R.W. Stott. |
| 260 |
_aDowners Grove, Ill. : _bInterVarsity Press, _cc1982. |
||
| 300 |
_a93 p. ; _c18 cm. |
||
| 630 | 0 | 0 |
_aBible _xEvidences, authority, etc. |
| 630 | 0 | 0 |
_aBible _xInspiration. |
| 906 |
_a7 _bcbc _corignew _d1 _eocip _f19 _gy-gencatlg |
||
| 942 |
_2ddc _cBK |
||